000 00714cam a22002292 4500
001 0000019156
005 20151217152147.0
008 101018s xx 000 0 eng d
020 _a0071244581
040 _aKABU
_cKABU
050 0 _aTK453
_b.K37 2006
100 1 _aKasap, Safa O.
_@0000156286
245 1 0 _aPrinciples of electrical engineering materials and devices /
_cS. O. Kasap.
250 _a3rd ed.
260 _aBoston :
_bMcGraw-Hill,
_cc2006.
300 _axiii, 874 p.
650 0 _aElectric engineering
_xMaterials.
_@0000156287
650 0 _aElectric apparatus and appliances.
_@0000156288
852 1 _9p1755 KES
908 _a101018
950 _@1
999 _c8847
_d8847